000 00364 a2200157 4500
001 47572
020 _a9780746096529
040 _cAnchieta - Aquarius
100 _aTyler, Jenny
240 1 0 _aThe three little pigs
_leng
245 1 0 _aThe three little pigs
300 _a20p.
362 0 _a2008
650 4 _aLiteratura infanto-juvenil em inglês
942 _cBK
999 _c47572
_d47572